| 000 | 02732nam a22002897a 4500 | ||
|---|---|---|---|
| 003 | OSt | ||
| 005 | 20250513140152.0 | ||
| 008 | 250512t2020 flu||||| |||| 00| 0 eng d | ||
| 020 | _a978 - 0 - 367 - 13610 - 9 | ||
| 040 |
_aCHAP _cPA _erda |
||
| 041 |
_aeng _beng _feng _heng |
||
| 082 | 0 | 0 |
_aPA 632.96 _b.S56 2020 |
| 100 |
_aShoda, Makoto _eautor _9190341 |
||
| 245 |
_aBiocontrol of plant diseases by Bacillus subtilis: _bBasic and practical applications / _cMakoto Shoda |
||
| 264 |
_aBoca Raton : _bCRC Press, Taylor & Francis Group, _c2020 |
||
| 300 |
_axiii, 325 paginas: _bilustraciones ; |
||
| 336 |
_2rdacontent _atexto _btxt |
||
| 337 |
_2rdamedia _asin medio _bn |
||
| 338 |
_2rdacarrier _avolumen _bnc |
||
| 505 | _aPreface. -- Author. -- Chapter 1. Introduction. -- Chapter 2. In Vitro Selection of B. subtilis as a Candidate of Biocontrol Agent and Characterization of Suppressive Products. -- Chapter 3. In Vivo Plant Tests. -- Chapter 4. Stability of B. subtilis and Its Derivative Strains in Soil. -- Chapter 5. Development of Transformation Methods of B. subtilis and Cloning of Genes Responsible for Biosynthesis of Lipopeptide Antibiotics. -- Chapter 6 .Genetic Analysis of B. subtilis Related with Production of Three Peptide Substances. -- Chapter 7. Optimization Study of Production of Antifungal Substances and Spores in Submerged Fermentation (SmF) or in Solid-State Fermentation (SSF). -- Chapter 8. Surfactin Production and Plasmid Stability. -- Chapter 9. Co-Use of B. subtilis with Chemical Pesticide. -- Chapter 10. Mixed Culture Effect on Biocontrol. -- Chapter 11. Practical Application of B. subtilis in Fruit Gardens for Biocontrol of Diseases. -- Chapter 12. Conclusions. Index. | ||
| 520 | _aLas enfermedades de las plantas representan una grave amenaza para la producción de alimentos. Este volumen único proporciona el conocimiento fundamental y el uso práctico de Bacillus subtilis como prometedor agente de biocontrol. Para reemplazar los pesticidas químicos, una posibilidad son los pesticidas microbianos que utilizan microbios seguros. Bacillus subtilis es uno de varios candidatos. Aquí se presenta el cribado de la bacteria, la aplicación de pruebas en plantas, la aclaración de su mecanismo supresor frente a fitopatógenos y los aspectos de ingeniería de la producción de péptidos supresores. El autor ilustra cómo Bacillus subtilis es mucho más ventajoso que, por ejemplo, Pseudomonas en el biocontrol y puede considerarse un candidato útil. | ||
| 534 | _pTítulo original: | ||
| 650 | 0 |
_aPlagucidas Microbianos _9190353 |
|
| 650 | 0 |
_aBacillus subtilis _xBiotecnología _9190354 |
|
| 650 | 7 |
_aOrganismos fitopatógenos _xControl biológico _983519 |
|
| 942 |
_2ddc _cLibro |
||
| 999 |
_c220524 _d220524 |
||